000 00749nam a22002655a 4500
001 002876
003 armpunfd
005 20150622163014.0
008 140814s1977####ag############000#0#und#d
080 _a34 (09) Sa 94
100 1 _aVon Savigny E.
245 1 0 _aDe la Vocación de Nuestro Siglo para la Legislación y la Ciencia del Derecho /
260 _aBuenos Aires :
_bHeliasta,
_c1977.
300 _a172 P.
650 7 _aCodigo Austriaco
_2LEMB
650 7 _aCodigo Civil
_2LEMB
650 7 _aCodigo Napoleon
_2LEMB
650 7 _aCodigos
_2LEMB
650 7 _aCompilación Prusiana
_2LEMB
650 7 _aDerecho Civil Aleman
_2LEMB
650 7 _aDerecho Romano
_2LEMB
651 _2LEMB
945 _acd
_d2014-08-14
999 _c3229
_d233733